Handbook of marketing scales multi-Item measures for marketing and consumer behavior research

Guardado en:
Detalles Bibliográficos
Autor principal: Bearden, William O.
Otros Autores: Netemeyer, Richard G., Mobley, Mary F.
Formato: Libro
Lenguaje:inglés
Publicado: Newbury Park SAGE Publ. 1993
Edición:1. ed.
Materias:
Etiquetas: Agregar Etiqueta
Sin Etiquetas, Sea el primero en etiquetar este registro!

MARC

LEADER 00000nam a2200000 4500
001 c014196
005 20221206075516.8
020 |a 0-8039-5155-8 
041 0 |a eng 
044 |a US 
245 1 0 |a Handbook of marketing scales  |b multi-Item measures for marketing and consumer behavior research  |c William O. Bearden, Richard G. Netemeyer, Mary F. Mobley 
250 |a 1. ed. 
264 1 |a Newbury Park  |b SAGE Publ.  |c 1993 
300 |a 352 s. 
610 2 0 |a marketing 
610 2 0 |a prieskum trhu 
610 2 0 |a správanie spotrebiteľa 
100 1 |a Bearden, William O. 
700 1 |a Netemeyer, Richard G. 
700 1 |a Mobley, Mary F.